书目信息 |
| 题名: |
沼液无害化处理与资源化利用实用技术
|
|
| 作者: | 骆林平 , 单胜道 , 王志荣 主编 | |
| 分册: | ||
| 出版信息: | 北京 中国农业出版社 2015 |
|
| 页数: | 174页 | |
| 开本: | 21cm | |
| 丛书名: | 生态循环农业实用技术系列丛书 | |
| 单 册: | ||
| 中图分类: | S141 | |
| 科图分类: | ||
| 主题词: | 有机肥料--液体肥料--无污染工艺 , 有机肥料--液体肥料--资源利用 | |
| 电子资源: | ||
| ISBN: | 978-7-109-20281-8 | |
| 000 | 01271oam2 2200301 450 | |
| 001 | 012015000060 | |
| 005 | 20151130093551.45 | |
| 010 | @a978-7-109-20281-8@dCNY20.00 | |
| 100 | @a20150814d2015 em y0chiy50 ea | |
| 101 | 0 | @achi |
| 102 | @aCN@b110000 | |
| 105 | @ay z 000yy | |
| 106 | @ar | |
| 200 | 1 | @a沼液无害化处理与资源化利用实用技术@Azhao ye wu hai hua chu li yu zi yuan hua li yong shi yong ji shu@f骆林平,单胜道,王志荣主编 |
| 210 | @a北京@c中国农业出版社@d2015 | |
| 215 | @a174页@d21cm | |
| 225 | 2 | @a生态循环农业实用技术系列丛书@i农业废弃物循环利用实用技术系列丛书@f单胜道等总主编 |
| 330 | @a本书围绕沼液的无害化处理和资源化利用,系统介绍了沼液及其成分和影响因素,沼液膜浓缩,沼液中有害重金属的去除方法,沼液中抗生素、激素的无害化处理技术,沼液灭菌,沼液废水的生物生态处理技术,沼液在种植业和养殖业中的资源化利用方法等实用技术。 | |
| 410 | 0 | @12001 @a生态循环农业实用技术系列丛书 |
| 411 | 0 | @12001 @a农业废弃物循环利用实用技术系列丛书 |
| 606 | 0 | @a有机肥料@x液体肥料@x无污染工艺 |
| 606 | 0 | @a有机肥料@x液体肥料@x资源利用 |
| 690 | @aS141@v5 | |
| 701 | 0 | @a骆林平@Aluo lin ping@4主编 |
| 701 | 0 | @a单胜道@Ashan sheng dao@4主编 |
| 701 | 0 | @a王志荣@Awang zhi rong@4主编 |
| 801 | 0 | @aCN@b碧洲教育@c20151127 |
| 905 | @a10447@f4@dS141@e85 | |
| 沼液无害化处理与资源化利用实用技术/骆林平,单胜道,王志荣主编.-北京:中国农业出版社,2015 |
| 174页;21cm.-(生态循环农业实用技术系列丛书.农业废弃物循环利用实用技术系列丛书/单胜道等总主编) |
| ISBN 978-7-109-20281-8:CNY20.00 |
| 本书围绕沼液的无害化处理和资源化利用,系统介绍了沼液及其成分和影响因素,沼液膜浓缩,沼液中有害重金属的去除方法,沼液中抗生素、激素的无害化处理技术,沼液灭菌,沼液废水的生物生态处理技术,沼液在种植业和养殖业中的资源化利用方法等实用技术。 |
| ● |
| 相关链接 |
|
|
|
|
正题名:沼液无害化处理与资源化利用实用技术
索取号:S141/85
 
预约/预借
| 序号 | 登录号 | 条形码 | 馆藏地/架位号 | 状态 | 备注 |
| 1 | 0871774 | 208717744 | 第二样本阅览室/ [索取号:S141/85] | 在馆 | |
| 2 | 0871775 | 208717753 | 第三借阅区/ [索取号:S141/85] | 在馆 | |
| 3 | 0871776 | 208717762 | 第三借阅区/ [索取号:S141/85] | 在馆 | |
| 4 | 0871777 | 208717771 | 第三借阅区/ [索取号:S141/85] | 在馆 |